Gaming Quiz

Random Gaming or Mario Quiz

Super Mario Bros Enemies (1985) Quiz Stats

 Plays Quiz Updated Nov 13, 2018

     
Support Sporcle.
Go Orange.
Score 0/14 Timer 03:00
3 Plays Today
Super Mario Foes % Correct
Bowser
88.5%
Goomba
77.6%
Green Koopa Troopa
41.5%
Red Koopa Troopa
41.4%
Hammer Bros
34.1%
Bullet Bill
31.3%
Lakitu
26.2%
Super Mario Foes % Correct
Red Koopa Paratroopa
23.9%
Piranha Plant
23.8%
Green Koopa Paratroopa
23.7%
Blooper
21.6%
Cheep Cheep
20.6%
Spiny
20.4%
Buzzy Beetle
15.5%

From the Vault

Mr. Plow Theme

by SporcleEXP

Mr Plow's prices are so low, you'll think he's suffered brain damage!
Remove Ads.
Support Sporcle.
Get the best of Sporcle when you Go Orange. This ad-free experience offers more features, more stats, and more fun while also helping to support Sporcle. Thank you for becoming a member.

Show Comments

Extras

Top Quizzes Today


Score Distribution

Your Account Isn't Verified!

In order to create a playlist on Sporcle, you need to verify the email address you used during registration. Go to your Sporcle Settings to finish the process.

Report this User

Report this user for behavior that violates our Community Guidelines.

Details: